| 000 | 01690cam a22002415a 4500 | ||
|---|---|---|---|
| 001 | L138559 | ||
| 008 | 070621e20070620xxk f f000 0 eng d | ||
| 035 | _a(Sirsi) u138559 | ||
| 041 | 0 | _aeng | |
| 050 | 0 | 4 | _a692.8 $2 18 |
| 110 | 1 |
_aUnited Kingdom _bDepartment of Trade and Industry |
|
| 245 | 0 | 0 |
_aImproving payment practices in the construction industry _bsecond consultation on proposals to amend Part II of the Housing Grants Construction and Regeneration Act 1996 and the Scheme for Construction Contracts (England and Wales) Regulations 1998 _h[electronic resource] |
| 260 |
_aLondon _bDTI _c2007 |
||
| 520 | _aFollows the publication of a summary of responses to the first consultation (L132162). The consultation aims to clarify and improve the statutory payment framework, encourage dispute resolution via adjudication and identify how any changes can be evaluated. Proposes to improve access to the right to refer to adjudication. Aims to ensure the costs are fairly allocated. Aims to avoid duplication of payment notices, clarify their content and prohibit pay-when-certified clauses. The statutory right to suspend performance would also be improved. Responses are due by 17 September 2007. | ||
| 590 | _aKA NTK | ||
| 650 | 2 | 4 | _aHOUSING GRANTS CONSTRUCTION AND REGENERATION ACT PART II |
| 650 | 2 | 4 | _aSCHEME FOR CONSTRUCTION CONTRACTS (ENGLAND AND WALES) REGULATIONS 1998 |
| 651 | 4 |
_aUnited Kingdom _y |
|
| 690 | _aBUILT ENVIRONMENT-CONSTRUCTION MANAGEMENT-BUILDING CONTRACT ADMINISTRATION | ||
| 710 | 1 |
_aWales _bNational Assembly for Wales _94836 |
|
| 856 | 4 | 0 |
_uhttps://www.berr.gov.uk/files/file39921.pdf _zView the item free of charge at www.berr.gov.uk |
| 942 | _n0 | ||
| 999 |
_c107201 _d107201 |
||